000
00322nam a2200133Ia 4500
005
20260328104325.0
008
260328s9999||||xx |||||||||||||| ||und||
100
_a
Mercier, Eve
245
0
_a
L¨INde le Nepal et Sri Lanka /
_c
Eve Mercier
260
_b
Larousse
300
_a
79 p.
650
_a
Siri Lanka
942
_c
BK
999
_c
11472
_d
11472